ბათუმის შოთა რუსთაველის სახელმწიფო უნივერსიტეტის ბიბლიოთეკა

სამედიცინო ბაზისური ფარმაკოლოგია : (ბიბ.ჩანაწერი № 34451)

000 -ლიდერი
ფიქსირებული სიგრძის საკონტროლო ველი 02185nam a2200241Ia 4500
001 - საკონტროლო ნომერი
საკონტროლო ველი 196
003 - საკონტროლო ნომრის იდენტიფიკატორი
საკონტროლო ველი GE_BSU
005 - ბოლო ოპერაციის თარიღი და დრო
საკონტროლო ველი 20220818120556.0
008 - ფიქსირებული სიგრძის მონაცემთა ელემენტები - ზოგადი ინფორმაცია
ფიქსირებული სიგრძის საკონტროლო ველი 181216s20082009ge |||||||||||||| ||geo||
020 ## - წიგნის საერთაშორისო სტანდარტული ნომერი
International Standard Book Number 9789992863244
040 ## - კატალოგიზაციის წყარო
Transcribing agency GE_BSU
041 ## - ენის კოდი
Language code of text/sound track or separate title geo
080 ## - უნივერსალური ათობითი კლასიფიკაციის ინდექსი
Universal Decimal Classification number 615(075.8) თ–87
100 ## - მთავარი ჩანაწერი - პიროვნების სახელი
Personal name თურმანაული, გიორგი
9 (RLIN) 6284
245 ## - ცნობა სათაურის შესახებ
Title სამედიცინო ბაზისური ფარმაკოლოგია :
Remainder of title ჯანმრთ. დაცვის მსოფლიო ორგანიზაციის (ჯანმო-ს) მიერ რეკომენდ. სამკურნალო პრეპარატებით : ძირითადი სახელმძღვ. (ერთ ტომად) : შედგენილია ახალი სასწ. პროგრამით: სილაბუსის და საგნის სტანდარტის (25 გვერდის მოცულობით) ECTS-ის მოთხოვნებით : საკრედიტო სწავლებისათვის /
Statement of responsibility, etc გიორგი (გივი) თურმანაული ; [რედ. ნელი ანთელავა] ; თბილ. სახელმწ. სამედ. უნ-ტის სამედ. ფარმაკოლ. დეპარტამენტი (კათედრა).
264 ## - წარმოების, გამოცემის, დისტრიბუციის და სხვა ცნობები
გამოცემის, წარმოების, დისტრიბუციის... ადგილი თბილისი :
გამოცემის, წარმოების, დისტრიბუციის... სახელწოდება "ცის ნამის" გამ-ბა და სტ.,
გამოცემის, წარმოების, დისტრიბუციის... თარიღი 2008/2009.
300 ## - ფიზიკური აღწერა
Extent 934 გვ.:
Other physical details ილ. ;
Dimensions 25 სმ.
500 ## - ზოგადი შენიშვნა
General note მე-8 გადამუშავებული და ახალი მასალით შევსებული გამოცემა.
653 ## - INDEX TERM--UNCONTROLLED
Uncontrolled term სამედიცინო ბაზისური ფარმაკოლოგია
700 ## - ADDED ENTRY--PERSONAL NAME
Personal name ანთელავა, ნელი
Relator term რედაქტორი
9 (RLIN) 3186
710 ## - ADDED ENTRY--CORPORATE NAME
Corporate name or jurisdiction name as entry element თბილ. სახელმწ. სამედ. უნ-ტის სამედ. ფარმაკოლ. დეპარტამენტი (კათედრა).
9 (RLIN) 14534
942 ## - ADDED ENTRY ELEMENTS (KOHA)
Koha item type წიგნი
Source of classification or shelving scheme
ეგზემპლარები
ჩამოწერის სტატუსი დაკარგული ეგზემპლარის სტატუსი კლასიფიკაციის წყარო ან თაროზე გაწყობის სქემა დაზიანების სტატუსი არ გაიცემა მუდმივი მდებარეობა (დაცვის ადგილი) ამჟამინდელი ადგილსამყოფელი თაროზე განთავსების ადგილი შეძენის თარიღი ღირებულება, შესყიდვის ნორმალური ფასი სრული შენახვის შიფრი შტრიხკოდი ბოლო ოპერაციის თარიღი ეგზემპლარის მიმდევრობითი ნომერი (კეტერი?) ფასის ძალაში შესვლის თარიღი ეგზემპლარის სახეობა საჯარო შენიშვნა
          ბათუმის შოთა რუსთაველის სახელმწიფო უნივერსიტეტის მთავარი ბიბლიოთეკა ბათუმის შოთა რუსთაველის სახელმწიფო უნივერსიტეტის მთავარი ბიბლიოთეკა წიგნსაცავი 2018-12-17 20.00 615(075.8) თ–87 2215 2018-12-17 2215 2018-12-17 წიგნი 20 ლ.
          ბათუმის შოთა რუსთაველის სახელმწიფო უნივერსიტეტის მთავარი ბიბლიოთეკა ბათუმის შოთა რუსთაველის სახელმწიფო უნივერსიტეტის მთავარი ბიბლიოთეკა წიგნსაცავი 2018-12-17 20.00 615(075.8) თ–87 2214 2018-12-17 2214 2018-12-17 წიგნი 20 ლ.
          ბათუმის შოთა რუსთაველის სახელმწიფო უნივერსიტეტის მთავარი ბიბლიოთეკა ბათუმის შოთა რუსთაველის სახელმწიფო უნივერსიტეტის მთავარი ბიბლიოთეკა წიგნსაცავი 2018-12-17 20.00 615(075.8) თ–87 2213 2018-12-17 2213 2018-12-17 წიგნი 20 ლ.
          ბათუმის შოთა რუსთაველის სახელმწიფო უნივერსიტეტის მთავარი ბიბლიოთეკა ბათუმის შოთა რუსთაველის სახელმწიფო უნივერსიტეტის მთავარი ბიბლიოთეკა წიგნსაცავი 2018-12-17 20.00 615(075.8) თ–87 2217 2018-12-17 2217 2018-12-17 წიგნი 20 ლ.
          ბათუმის შოთა რუსთაველის სახელმწიფო უნივერსიტეტის მთავარი ბიბლიოთეკა ბათუმის შოთა რუსთაველის სახელმწიფო უნივერსიტეტის მთავარი ბიბლიოთეკა წიგნსაცავი 2018-12-17 20.00 615(075.8) თ–87 2216 2018-12-17 2216 2018-12-17 წიგნი 20 ლ.